000 00976nam a2200241Ia 4500
001 145
003 GE_BSU
008 181216s||||||||xx |||||||||||||| ||und||
020 _a9789941908729
040 _cGE_BSU
080 _aUDC:368(075.8)
100 _aშათირიშვილი,ჯ;კაკაშვილი,ნ
245 _aსადაზღვევო საქმე
245 _bსახელმძღვ. : წიგნი ეძღვნ. თსუ-ს დაარსებიდან 90-ე წლისთავს
245 _cმეცნ.-რედ.: გივი გამსახურდია, მარიამ ვარდიაშვილი
260 _aთბილისი
260 _bთსუ.საგამომცემლო სახლი,,ინოვაცია
260 _c2008
300 _a439გვ.
541 _h20 ლ.
653 _aსადაზღვევო საქმე
942 _cBK
999 _c34419
_d34419